000
00238nam a2200097 a 4500
005
20200930065803.0
008
110725s1929 000 spa d
245
0
_a
Ley de habeas corpus.
260
_a
Santo Domingo,
_c
1929.
999
_c
32196
_d
32196
040
_a
DO-SdBNP